Geometrie Errorsin CNC Machine Tools

Bibliographic Details
Main Authors: Kuric, Ivan, 1964- (Author), Kosinar, Matus (Author)
Format: Article
Language:English

MARC

LEADER 00000nab a2200000ua 4500
001 vtls010835894
003 SK-MaSNL
005 20260303144326.0
008 230222s2011 xo |||||||||||||||||eng|
035 |a (urnnbn)urn:nbn:sk:snk:ar-a06rm9 
035 |a urn:nbn:sk:snk-ab5zqw 
035 |a (uuid)e3810b97-7487-4550-a62f-0f6a7bd38325 
040 |a SNKBUCL  |b slo  |c SNKBUCL  |e AACR2 
041 0 |a eng 
044 |a xo  |c SK 
100 1 |a Kuric, Ivan,  |d 1964-  |4 aut  |9 217636 
245 1 0 |a Geometrie Errorsin CNC Machine Tools  |c Ivan Kuric, Matus Kosinar 
700 1 |a Kosinar, Matus  |4 aut  |9 1165770 
773 0 |t Výrobné inžinierstvo  |g Roč. 10, č. 3 (2011), s. 21-26 
958 |a OND 
958 |a EUIPO 
958 |a article5 
999 |c 1996462  |d 1998392